[Event "67th RUS-ch Superfinal Women 2017"]
[Site "St. Petersburg"]
[Date "2017.12.13"]
[Round "10"]
[White "Goryachkina, Aleksandra"]
[Black "Ovod, Evgenija"]
[Result "1-0"]
[WhiteElo "2486"]
[BlackElo "2364"]
[Annotator "TA"]
[PlyCount "207"]
[EventDate "2017.??.??"]
[EventType "tourn"]
[EventCountry "RUS"]
[SourceTitle "playchess.com"]
[Source "ChessBase"]
[SourceQuality "1"]

{[%evp 20,207,7,7,21,0,36,31,33,0,1,-18,8,10,39,0,0,0,0,-2,-2,-7,-3,-14,22,0,0,0,0,0,0,0,0,0,0,0,31,0,18,-19,-19,-18,-23,-24,-2,-8,0,0,7,0,8,0,0,0,0,-18,-6,-17,-6,-17,0,-5,0,0,0,0,0,0,8,0,0,0,0,0,0,0,0,0,31,0,0,4,54,0,0,0,0,0,0,0,0,0,0,0,64,0,0,0,0,0,0,0,0,0,0,0,0,0,0,0,0,0,0,0,0,0,0,0,0,0,0,0,0,0,0,0,0,0,0,0,0,0,0,0,0,0,0,0,0,0,0,0,0,0,0,0,0,0,0,0,0,0,8,8,8,8,9,8,16,35,168,175,201,176,176,176,205,29966,29962,29972,29979,29979,29978,29978,29977,29978,29978,29960,1100,0,29978,29980,29983,5097,29984,29985,29988,29989,29990,29991]} 1. e4 c5 2. Nf3 e6 3. c3 d5 4. exd5 Qxd5 5. d4 Nf6 6. Na3 Nc6 7. Be3 cxd4 {B22: Sicilian: 2 c3} 8. Nb5 Qd8 9. Nbxd4 Nd5 10. Nxc6 bxc6 11. Bd2 {LiveBook: 3 Games} Bc5 {next ...Qb6 is good for Black.} (11... Qb6 12. Ne5 Qc7 13. Nc4 Be7 14. Bd3 Ba6 15. Qg4 {½-½ (55) Wang,H (2717)-Laznicka,V (2666) Ho Chi Minh City 2016}) 12. Be2 $146 ({Predecessor:} 12. b4 Be7 13. Qa4 Qb6 14. c4 Nxb4 15. Rb1 {0-1 (75) Boricsev,O (2334)-Konnyu,J (2224) Hungary 2002}) 12... Qb6 13. O-O Qxb2 14. Qa4 Qb7 15. Rab1 Qc7 16. c4 Ne7 17. g3 {[%mdl 1024] [#] Black must now prevent Ba5. White has compensation.} a5 18. Bf4 Qa7 $1 19. Ne5 O-O 20. Bf3 Bd7 21. Rb3 f6 22. Nxc6 (22. Nd3 {feels hotter.} e5 23. Nxc5 exf4 24. Nxd7 Qxd7 25. Rd1) 22... e5 (22... Nxc6 {is more complex.} 23. Bxc6 Rfd8 24. Be3 Bxe3 25. Rxe3 Bxc6 26. Qxc6 e5) 23. Be3 Bxc6 24. Bxc6 Nxc6 25. Qxc6 Bxe3 26. Rxe3 Rfd8 27. c5 Qf7 28. Rb3 Rac8 29. Qb6 a4 30. Rb2 Qc4 31. Qa7 Qxc5 32. Qxa4 Rc7 33. Rfb1 Qd5 34. Rb5 Qe6 (34... Qd3 {keeps more tension.} 35. Rb8 Kf7 36. Rxd8 Qxb1+ 37. Kg2 Qb7+) 35. Rb8 Rxb8 36. Rxb8+ $11 {[%mdl 4096] Endgame KQR-KQR} Kf7 $1 37. Qa3 Qd5 38. Rb1 Kg6 39. Qb3 Qd2 40. Rd1 Rc1 41. Rxc1 Qxc1+ {KQ-KQ} 42. Kg2 Qc6+ 43. Qf3 e4 44. Qe3 h5 45. h4 Kf5 46. Qf4+ Ke6 47. Kg1 Qd5 48. Qb8 Kf5 49. Qc8+ Kg6 50. Qc2 Kh6 51. a4 (51. Qb3 $14 Qa5 52. a4) 51... e3 52. fxe3 Qf3 53. Kh2 Qxe3 54. a5 {White wants to play a6.} Qa3 55. Qd2+ g5 56. Kg2 Kg6 ({Better is} 56... Qc5 $11) 57. Qc2+ (57. hxg5 $1 $14 fxg5 58. Qc2+ Kf6 59. Qf2+ Ke7 60. Qe2+ Kd8 61. Qd2+ (61. Qxh5 Qxa5 62. Qf7 g4 $14) 61... Kc8 62. Qxg5) 57... Kh6 58. Qc7 gxh4 59. gxh4 Qd3 60. Qf4+ Kh7 61. Qb4 Kg6 62. Qe1 Kf7 63. Qb4 Kg6 64. Kf2 Kf5 65. Ke1 Kg6 66. Qb6 Qe4+ 67. Kd2 Qg2+ 68. Kc3 Qg3+ 69. Kc2 Qg2+ 70. Kb3 Qg3+ 71. Kb2 Qe5+ 72. Ka2 Qd5+ 73. Ka3 Qd3+ 74. Kb4 Qe4+ 75. Kb5 Qd5+ 76. Qc5 Qb7+ 77. Kc4 Qe4+ 78. Kb5 Qb7+ 79. Ka4 Qe4+ 80. Qb4 Qc6+ 81. Ka3 Qc1+ 82. Ka2 {Hoping for Qb1+.} Qc2+ 83. Ka1 Qc6 84. Qb3 Kg7 85. Kb2 Kf8 86. Qb6 Qg2+ 87. Ka3 Qf3+ 88. Ka4 {aiming for a6.} Qd1+ 89. Kb5 {a6 is the strong threat.} Ke7 {[#]} (89... Qe2+ $14 90. Kc6 Qe8+ 91. Kb7 Qf7+ 92. Kc8 Qc4+ 93. Kb8 Qf4+ 94. Kc8 Qc4+ 95. Kb8 Qf4+ 96. Qc7 Qb4+ 97. Kc8 Qg4+ 98. Kb8 Qb4+ 99. Kc8 Qg4+ 100. Kb8 Qb4+) 90. Qc7+ $1 $18 Ke6 91. Qc6+ Ke7 92. a6 Qb3+ 93. Ka5 $2 (93. Kc5 $18 Qe3+ 94. Kb5) 93... Qa3+ 94. Kb6 Qb4+ 95. Kc7 Qf4+ 96. Kb7 Qb4+ 97. Kc8 Qd4 98. Qb7+ Ke8 99. Qc6+ (99. Qb5+ $18 Kf8 100. Qc6) 99... Ke7 $1 100. Kb8 Kd8 101. Qc8+ Ke7 102. a7 {White mates.} Qxh4 103. a8=Q Qf4+ 104. Qc7+ {Precision: White = 59%, Black = 62%.} 1-0

[Event "67th RUS-ch Superfinal Women 2017"]
[Site "St. Petersburg"]
[Date "2017.12.13"]
[Round "10"]
[White "Girya, Olga"]
[Black "Kovalevskaya, Ekaterina"]
[Result "1/2-1/2"]
[WhiteElo "2484"]
[BlackElo "2405"]
[Annotator "TA"]
[PlyCount "178"]
[EventDate "2017.??.??"]
[EventType "tourn"]
[EventCountry "RUS"]
[SourceTitle "playchess.com"]
[Source "ChessBase"]
[SourceQuality "1"]

{[%evp 13,178,57,68,38,21,33,65,53,58,34,67,69,71,75,56,73,135,119,116,93,85,50,152,31,35,21,14,13,21,22,26,10,12,0,0,0,45,0,0,0,59,0,0,0,0,0,6,0,0,0,0,0,0,0,0,0,0,-114,-85,-91,-47,-47,-43,-43,-43,-43,0,-43,-43,-43,-43,-50,-43,-91,-91,-91,-91,-91,-91,-91,-24,-24,-24,-29,-24,-91,-29,-30,-33,-91,-91,-91,-91,-91,-91,-91,-34,-91,-91,-91,-91,-91,-91,-91,-91,-91,-91,-91,0,-91,-79,-79,-79,-79,-79,-115,-115,-115,-16,-115,-79,-98,-8,-98,-8,-86,-79,-79,-24,-85,-85,-115,-115,-115,-115,-115,-115,-115,-115,-115,-115,-115,-115,-115,-79,-87,-79,-79,-79,-79,-67,-67,-67,-67,-67,-67,-67,-67,0,0,0,0,0,0,0,-8,0]} 1. d4 Nf6 2. c4 c5 3. d5 b5 4. cxb5 a6 5. bxa6 g6 6. Nc3 {A58: Benko/Volga Gambit: Lines with 5 bxa6} Bg7 7. e4 {[%cal Be2e4,Be4e5][%mdl 32]} (7. g3 d6 8. Bg2 O-O 9. Nf3 Nbd7 10. O-O Nb6 11. e4 Bxa6 12. Re1 Nc4 13. Bf1 Nd7 14. Nd2 Nde5 15. Nxc4 Nxc4 16. Bd3 Qb6 17. Rb1 Rfb8 18. Na4 Qb4 19. Kg2 Ne5 20. Bd2 {0-1 (53) Harika,D (2528)-Kramnik,V (2803) Douglas 2017}) 7... O-O {LiveBook: 254 Games} 8. a4 {White is slightly better.} e6 9. Nf3 $146 ({Predecessor:} 9. dxe6 fxe6 10. Nf3 d5 11. exd5 exd5 12. Bb5 Bxa6 13. Bxa6 Nxa6 {1-0 (26) Girya,O (2459)-Zhukova,N (2471) Chengdu 2015}) 9... exd5 10. e5 Ng4 11. Bg5 Qa5 {...d4 is the strong threat.} 12. Qxd5 Nc6 13. Bb5 $1 Bxa6 14. O-O {Threatens to win with Rae1.} ({Reject} 14. Qxc5 Ngxe5 15. O-O Bxb5 $15) 14... Ngxe5 (14... Bxb5 $142 15. Nxb5 Ngxe5) 15. Nxe5 $16 (15. Qxc5 Bxb5 16. Nxb5 Nxf3+ 17. gxf3 Rfe8 $15) 15... Nxe5 16. Be7 ({Don't play} 16. Qxc5 $6 Nd3 $11) 16... Rfc8 17. Bxc5 (17. Rab1 {is more complex.} Qb6 18. Rfe1 Bb7 19. Qd6 Qxd6 20. Bxd6 Ng4 21. Bxd7 Rd8 22. Re7) 17... Ng4 (17... Nd3 $1 $14 18. Bb6 (18. Bxd3 Bxd3 19. Qxd3 Rxc5 $14) 18... Qxb6 19. Qxd3 Rcb8) 18. Bxa6 (18. Rab1 $16) 18... Rxa6 $14 19. Qxd7 Rxc5 20. Qxg4 Bxc3 21. bxc3 Qxc3 22. Rfd1 Rc4 23. Qd7 Kg7 24. h3 Qb2 25. Rab1 Qf6 26. Ra1 Qb2 27. Rab1 (27. Qb5 $14 Qxb5 28. axb5 Rxa1 29. Rxa1) 27... Qf6 $11 28. Rb8 Rcxa4 29. Qe8 {[%csl Gb8][%cal Re8f8]} Kh6 30. Rd3 Ra1+ 31. Kh2 Qf4+ 32. Rg3 {Black must now prevent Qf8+.} Qxf2 {[%csl Ga1][%cal Rf2g1]} 33. Qf8+ Kh5 {[%csl Ga1][%cal Rf2g1]} 34. Rb5+ $1 f5 {[%csl Ga1][%cal Rf2g1]} 35. Qc5 (35. Rf3 $11 {remains equal.} Qg1+ 36. Kg3 Qe1+ 37. Kh2 Qh1+ 38. Kg3 Qe1+ 39. Kh2 Qg1+ 40. Kg3 Qe1+) 35... Qxc5 (35... R6a2 {seems wilder.} 36. Rb7 h6 37. Qxf2 Rxf2 38. Rbb3 Raa2) 36. Rxc5 $17 {[%mdl 4096] Endgame KRR-KRR} Kh6 37. Rgc3 Rd1 38. Rc1 Rd2 {Hoping for ...Raa2.} 39. R1c2 Rd1 40. Rc1 Rdd6 41. Rc7 Re6 42. R1c2 Ra1 43. Rc1 Rxc1 44. Rxc1 {KR-KR} Kg5 45. Rc7 h5 46. Rc2 Kf4 (46... Re1 $17 47. Kg3 Re4) 47. Rf2+ $1 $11 Ke3 (47... Ke5 {with more complications.} 48. h4 Rc6 49. g3 Ke6 50. Kg2 Rc3) 48. Rf3+ Ke4 49. Ra3 {[#]} (49. h4 $1 $11) 49... g5 (49... Kf4 $1 $17 50. Kg1 Re3) 50. Ra4+ Ke5 51. Kg3 (51. h4 $15) 51... Rd6 52. Ra2 Rd3+ 53. Kf2 Ke4 54. Re2+ Kf4 ({Better is} 54... Kd5 $17 55. Re7 h4) 55. Ra2 (55. Rb2 $1 $15) 55... h4 $17 56. Rb2 Rd4 57. Ra2 Rb4 58. Re2 Rc4 59. Ra2 Rd4 60. Re2 Rd3 (60... Ra4 $17 61. Rb2 Rd4) 61. Ra2 (61. Rb2 $11) 61... g4 62. Ra4+ Kg5 63. hxg4 fxg4 64. Ra1 Rd2+ 65. Kg1 Re2 (65... g3 $17 {Black wants to play ...Kf4.} 66. Re1 Rd4) 66. Kf1 (66. Kh2 $1 $11) 66... Re4 67. Kf2 Rb4 ({Black should play} 67... Rf4+ $17 68. Kg1 g3) 68. Rc1 (68. Ra5+ $1 $11 Kg6 69. Ke3) 68... Kf4 {[#]} (68... Rb2+ $17 69. Kg1 g3) 69. Re1 (69. g3+ $1 $11 {[%mdl 512] was the only way to keep the balance.} hxg3+ 70. Kg1) 69... Rb2+ 70. Kg1 Rb3 (70... g3 $17 {White should prevent ...Rb4.} 71. Kh1 Rc2) 71. Kf2 (71. Kh2 $1 $11) 71... Ra3 72. Rb1 g3+ 73. Kg1 Ke3 {And now ...Ke2 would win.} 74. Rf1 Ke2 {aiming for ...Rd3.} 75. Rb1 Rd3 76. Ra1 Rd4 (76... Rd1+ $2 77. Rxd1 Kxd1 78. Kf1 $19) 77. Ra2+ Ke3 {[%cal Rd4d1]} (77... Rd2 $2 78. Rxd2+ Kxd2 79. Kf1 $19) 78. Ra1 Kf4 (78... Rb4 {is interesting.} 79. Re1+ Kd2 80. Ra1 Ke2 81. Ra2+ Kd3) 79. Rf1+ Kg4 80. Ra1 Rb4 81. Rc1 h3 82. gxh3+ Kxh3 83. Ra1 Rb2 84. Rc1 $1 Rb3 85. Ra1 g2 (85... Rd3 $15) 86. Rc1 $11 {The position is equal.} Re3 87. Ra1 Kg3 88. Ra3 $3 {[%mdl 512] [#]} Rf3 89. Ra1 Re3 {Precision: White = 47%, Black = 45%.} 1/2-1/2

[Event "67th RUS-ch Superfinal Women 2017"]
[Site "St. Petersburg"]
[Date "2017.12.13"]
[Round "10"]
[White "Pogonina, Natalija"]
[Black "Shuvalova, Polina"]
[Result "1/2-1/2"]
[WhiteElo "2469"]
[BlackElo "2385"]
[Annotator "TA"]
[PlyCount "60"]
[EventDate "2017.??.??"]
[EventType "tourn"]
[EventCountry "RUS"]
[SourceTitle "playchess.com"]
[Source "ChessBase"]
[SourceQuality "1"]

{[%evp 29,60,8,12,6,10,8,10,9,6,6,12,6,6,0,7,0,0,0,0,0,0,0,0,0,0,0,0,0,0,0,0,-9,0]} 1. d4 Nf6 2. c4 e6 3. g3 d5 4. Nf3 Be7 5. Bg2 O-O 6. O-O dxc4 7. Qc2 a6 8. a4 Bd7 9. Qxc4 Bc6 10. Bg5 Bd5 11. Qc1 {E05: Open Catalan: 5 Nf3 Be7} h6 12. Bxf6 Bxf6 13. Nc3 Bxf3 14. Bxf3 c6 15. e3 a5 {LiveBook: 24 Games. The position is equal.} 16. Ne4 Na6 17. Rd1 {[#]} Qe7 $146 ({Predecessor:} 17... Nb4 18. Qc4 Qe7 19. Rd2 Rfd8 {½-½ (32) Inarkiev,E (2709)-Jakovenko,D (2704) Doha 2016}) 18. Qc3 Nb4 19. Qc5 Rfd8 20. Nxf6+ Qxf6 21. Be4 Rd7 22. Rac1 Qd8 23. Kh1 Na6 24. Qc3 Nb4 25. Qc5 $1 Na6 26. Qc3 Nb4 {Black wants to play ...Na2.} 27. Qc5 Na6 28. Qc3 Nb4 29. Qc5 Na6 30. Qc3 Nb4 {Precision: White = 53%, Black = 82%.} 1/2-1/2

[Event "67th RUS-ch Superfinal Women 2017"]
[Site "St. Petersburg"]
[Date "2017.12.13"]
[Round "10"]
[White "Galliamova, Alisa"]
[Black "Nechaeva, Marina"]
[Result "1/2-1/2"]
[WhiteElo "2443"]
[BlackElo "2424"]
[Annotator "TA"]
[PlyCount "103"]
[EventDate "2017.??.??"]
[EventType "tourn"]
[EventCountry "RUS"]
[SourceTitle "playchess.com"]
[Source "ChessBase"]
[SourceQuality "1"]

{[%evp 9,103,3,39,28,44,39,35,20,44,21,26,31,25,27,58,0,8,12,19,8,35,18,19,16,13,15,37,19,38,37,42,41,42,29,43,37,42,35,36,35,36,36,47,28,50,23,23,23,23,23,23,0,38,0,19,0,26,19,22,0,0,0,0,0,0,0,0,0,0,0,25,25,25,0,0,0,25,0,50,50,50,50,50,50,50,50,50,50,50,50,50,50,50,50,50,37]} 1. d4 d5 2. c4 c6 3. e3 Nf6 4. Qc2 (4. Nc3 e6 5. b3 Bb4 6. Bd2 Nbd7 7. a3 Be7 8. Nf3 O-O 9. Bd3 b6 10. O-O Bb7 11. Qe2 c5 12. Rfd1 Rc8 13. cxd5 Nxd5 14. Ba6 Nxc3 15. Bxc3 Bxa6 16. Qxa6 cxd4 17. Bxd4 Qc7 18. Qb5 Rfd8 19. a4 {½-½ (19) Kuzubov,Y (2690)-Wang,H (2706) Baile Govora 2017}) 4... Bg4 5. Ne2 Bh5 6. Nf4 $146 {D10: Slav Defence: 3 cxd5 (without early Nf3) and 3 Nc3} ({Predecessor:} 6. Ng3 Bg6 7. Bd3 dxc4 8. Bxg6 hxg6 9. Qxc4 e6 10. Nc3 Nbd7 11. Bd2 Be7 {½-½ (43) Dubrawska,G-Zadlo,A Turawa 2007}) 6... Bg6 7. Nxg6 hxg6 8. Nd2 e6 9. Be2 Nbd7 10. O-O Bd6 11. g3 O-O 12. e4 dxe4 13. Nxe4 Nxe4 14. Qxe4 Nf6 15. Qd3 e5 16. Be3 exd4 17. Qxd4 Qc7 18. Rad1 Be5 19. Qd2 Rad8 20. Qc2 c5 21. a3 a5 22. Bf3 b6 23. Rxd8 Rxd8 24. Re1 Bd4 25. Bf4 Qd7 26. Kg2 a4 27. b3 axb3 28. Qxb3 Re8 29. Rxe8+ Qxe8 30. Qd1 Qe7 31. h3 Nd7 32. Qb1 (32. h4 {with more complications.} Qe6 33. Qc2 Ne5 34. Bd5 Qf5 35. Qxf5 gxf5 36. Bg5) 32... Qf6 (32... g5 {seems wilder.} 33. Bd2 Qf6 34. Qe1 Ne5 35. Bd5 Kf8) 33. h4 Ne5 34. Bxe5 Bxe5 35. Qb5 Bd4 36. Qe8+ Kh7 37. Qe2 Qe5 38. Qxe5 Bxe5 $11 {[%mdl 4096] Endgame KB-KB} 39. Bd5 f5 40. Bf7 Kh6 41. f3 Bb2 42. a4 Be5 43. g4 fxg4 44. fxg4 {Strongly threatening g5+.White is slightly better.} Bc3 45. Kh3 Be1 46. Be8 Bf2 47. Bd7 g5 48. h5 g6 49. Be8 gxh5 50. gxh5 Be1 51. Kg4 Bd2 52. Kf5 {Precision: White = 54%, Black = 51%.} 1/2-1/2

[Event "67th RUS-ch Superfinal Women 2017"]
[Site "St. Petersburg"]
[Date "2017.12.13"]
[Round "10"]
[White "Bodnaruk, Anastasia"]
[Black "Kashlinskaya, Alina"]
[Result "1-0"]
[WhiteElo "2428"]
[BlackElo "2452"]
[Annotator "TA"]
[PlyCount "65"]
[EventDate "2017.??.??"]
[EventType "tourn"]
[EventCountry "RUS"]
[SourceTitle "playchess.com"]
[Source "ChessBase"]
[SourceQuality "1"]

{[%evp 22,65,0,-12,44,44,46,43,52,39,78,47,72,74,73,85,214,259,235,229,262,258,243,180,237,242,269,261,276,212,307,318,300,284,753,764,1603,1472,3237,3239,29991,29992,29994,29995,29995,29996]} 1. e4 e5 2. Nf3 Nc6 3. Bc4 Bc5 4. c3 Nf6 5. d4 exd4 6. e5 d5 7. Bb5 Ne4 8. cxd4 Bb6 9. Nc3 O-O 10. Be3 {C54: Giuoco Piano: 4 c3 Nf6, main lines with 5 d4 and 5 d3} Bg4 11. h3 Bh5 12. Qc2 {LiveBook: 22 Games. The position is equal.} Kh8 $146 (12... Nxc3 $11 13. bxc3 Bxf3 14. gxf3 Qe7) ({Predecessor:} 12... Ba5 13. O-O Bxc3 14. bxc3 Na5 15. Nd2 Bg6 16. Qb2 c6 17. Be2 f5 18. Nxe4 fxe4 19. Qb4 b6 20. c4 dxc4 21. Bxc4+ Nxc4 22. Qxc4+ Qd5 23. Qxd5+ cxd5 24. Rfc1 {½-½ (24) Najer,E (2693)-Rodshtein,M (2688) Czech Republic 2017}) 13. Bxc6 $14 bxc6 14. Nxe4 Bg6 15. Qxc6 Bxe4 16. Nd2 Bd3 17. Qc3 $36 {[%mdl 2048] White has strong initiative.} Ba6 18. a4 {Black must now prevent a5.} c5 (18... c6 $16 {was worth a try.}) 19. dxc5 $18 Bc7 {[#]} 20. Bd4 $1 Re8 21. f4 f6 22. Nf3 Rb8 (22... fxe5 $142 23. fxe5 Rb8) 23. Kf2 Ba5 24. Qc2 Rb4 25. Rad1 Rc4 (25... Qc8 {is a better defense.} 26. b3 (26. exf6 Re2+ 27. Qxe2 Bxe2 $18) 26... fxe5 27. fxe5 Rf8) 26. Qf5 {[%cal Re5f6]} Bc8 27. Qh5 Qe7 $2 (27... Rf8 28. exf6 gxf6) 28. exf6 Rc2+ 29. Kg3 Qe4 {[#]} 30. Rhe1 $1 Bxe1+ 31. Rxe1 {White mates.} Re2 32. Rxe2 Qxe2 33. Qf7 {Precision: White = 69%, Black = 20%.} 1-0

[Event "67th RUS-ch Superfinal Women 2017"]
[Site "St. Petersburg"]
[Date "2017.12.14"]
[Round "11"]
[White "Kashlinskaya, Alina"]
[Black "Galliamova, Alisa"]
[Result "1-0"]
[WhiteElo "2452"]
[BlackElo "2443"]
[Annotator "TA"]
[PlyCount "51"]
[EventDate "2017.??.??"]
[EventType "tourn"]
[EventCountry "RUS"]
[SourceTitle "playchess.com"]
[Source "ChessBase"]
[SourceQuality "1"]

{[%evp 16,51,102,72,77,67,68,68,79,74,156,117,129,127,409,407,533,558,531,529,540,697,530,555,29989,1565,1953,1911,1663,1402,1204,922,883,861,1000,1019,963,995]} 1. d4 Nf6 2. c4 e6 3. Nf3 b6 4. g3 Ba6 5. Qc2 c6 6. e4 {[%cal Be2e4,Be4e5][%mdl 32] E15: Damenindisch (Hauptfortsetzung, Abweichungen)} d5 7. cxd5 Bxf1 8. Kxf1 exd5 9. e5 {LiveBook: 3 Partien} Ne4 $146 ({Vorgänger:} 9... Nfd7 10. h4 Be7 11. Kg2 Nf8 12. Be3 Qd7 13. Nc3 Na6 {0-1 (42) Solomon,K (2410)-Georgiev,K (2636) Bergamo 2013}) 10. Kg2 Be7 11. Nbd2 Nxd2 $1 12. Bxd2 O-O (12... c5 $142) 13. h4 $16 {[%cal Bh2h4,Bh4g5][%mdl 32] Schwarz muss nun Sg5 beachten.} f5 14. exf6 $40 {[%mdl 128] Weiss riecht Blut.} Bxf6 $2 {[%mdl 8192] [#]} (14... gxf6 $16 {war angesagt.} 15. Rhe1 Qd7) 15. Ng5 $18 Bxg5 16. hxg5 ({Weniger gut wäre} 16. Bxg5 Qc8 $14) 16... g6 17. Rh6 Qd6 18. Rah1 Rf7 19. Bf4 $1 {[%cal Rf4d6]} Rxf4 20. gxf4 (20. Rxh7 $142 Kf8 21. gxf4 Qe6 22. Rh8+ Ke7 23. R1h7+ Kd6 24. Rd8+ Nd7 25. Rxa8 Qe4+ 26. Qxe4 dxe4 27. Rd8) 20... Nd7 {Weiß steht klar auf Gewinn.} 21. Rxh7 {Weiss droht Th8+ und Matt.} Nf8 22. Rh8+ Kf7 {[#]} 23. R1h7+ $1 Nxh7 24. Rxa8 Qd7 25. Qe2 Nf8 26. Kg3 {Precision: Weiß = 84%, Schwarz = 43%.} 1-0

[Event "67th RUS-ch Superfinal Women 2017"]
[Site "St. Petersburg"]
[Date "2017.12.14"]
[Round "11"]
[White "Nechaeva, Marina"]
[Black "Gunina, Valentina"]
[Result "1/2-1/2"]
[WhiteElo "2424"]
[BlackElo "2510"]
[Annotator "TA"]
[PlyCount "133"]
[EventDate "2017.??.??"]
[EventType "tourn"]
[EventCountry "RUS"]
[SourceTitle "playchess.com"]
[Source "ChessBase"]
[SourceQuality "1"]

{[%evp 25,133,-2,0,-3,-10,-15,-17,-15,0,-27,-6,-35,-36,-89,-69,-77,-31,-44,-31,-22,-27,-39,-46,-49,-55,-45,-13,-19,-28,-28,-17,-15,0,0,0,0,0,0,46,4,0,6,137,138,118,111,111,111,111,111,111,111,111,111,111,111,112,112,112,112,112,112,112,83,127,111,115,105,102,100,100,108,136,95,99,99,102,65,65,65,119,119,129,42,42,42,56,42,42,0,119,2,116,112,94,25,36,27,56,56,73,0,0,0,0,0,0,0,0,0]} 1. d4 Nf6 2. c4 e6 3. Nc3 Bb4 4. Nf3 O-O 5. Bg5 c5 6. e3 cxd4 7. exd4 d5 8. Rc1 h6 9. Bh4 Nc6 10. Bd3 dxc4 11. Bxc4 b6 12. O-O Bb7 13. a3 Be7 {LiveBook: 7 Games} 14. Ba2 {E57: Nimzo-Indian: Rubinstein: Main Line: 7...Nc6 8 a3 dxc4 9 Bxc4 cxd4} (14. Qd3 Nh5 15. Bg3 Nxg3 16. hxg3 Bf6 17. Rfd1 Ne7 18. Ba6 Bxa6 19. Qxa6 Qc8 20. Qd3 Qb7 21. Ne4 Rfd8 22. Nxf6+ gxf6 {½-½ (63) Shimanov,A (2606)-Rozum,I (2539) St Petersburg 2015}) 14... Nh5 15. Bxe7 Nxe7 16. Re1 $146 ({Predecessor:} 16. Bb1 Nf6 17. Ne5 Rc8 18. Re1 Qd6 19. Qd2 Rfd8 20. Rcd1 Ned5 21. Nxd5 Bxd5 {0-1 (34) Boshku,H-Muco,F (2440) Nea Makri 1990}) 16... Nf4 17. Ne4 Neg6 18. Bc4 Rc8 19. Bf1 (19. g3 $15 Nh3+ 20. Kg2 Bxe4 21. Rxe4) 19... Rxc1 $17 20. Qxc1 Qd5 21. Qe3 Qh5 22. Ne5 Rd8 23. Nxg6 Nxg6 24. Nc3 Nh4 25. Rd1 Bf3 26. Rd3 Ba8 27. h3 Qg6 {[%cal Rh4g2]} 28. d5 Bxd5 29. Nxd5 exd5 ({But not} 29... Rxd5 $6 30. Rxd5 exd5 31. g3 $16) 30. Qe7 Qf6 31. Qxa7 Re8 32. Qa4 Re1 33. Rxd5 {Black should prevent Rd1.} Ng6 (33... Qxb2 $11 34. Rd8+ (34. Qxh4 Qe2 $11) 34... Kh7) 34. Qd4 $1 $36 {[%mdl 2048] White is really pushing.} Qc6 35. Rd8+ Kh7 36. Qd3 Qc1 37. g3 Qxb2 38. h4 $1 {[%cal Rh4h5] h5 is the strong threat.} h5 39. Kg2 {Black must now prevent Qf3.} Qf6 40. Rd5 Re5 41. Rd6 Re6 42. Rxe6 Qxe6 43. Be2 Qe5 44. Bf3 Qc5 45. a4 Kg8 46. Qd1 Ne5 47. Bxh5 Qc6+ 48. Kg1 f5 49. Be2 Qe4 50. Qb3+ Kh7 51. Qe3 (51. Bd1 {keeps more tension.} Nd3 52. Qc3 Ne5 53. Kh2 Qd5 54. Qc8) 51... Qxe3 52. fxe3 $14 {[%mdl 4096] Endgame KB-KN} g5 ({Black should try} 52... Nd7 $14) 53. Kf2 $16 Kh6 54. Bd1 (54. Bb5 $1 $16) 54... Nd3+ $14 55. Ke2 Nc5 56. Kf3 Nd3 57. Bb3 Kh5 (57... Ne5+ $11 {remains equal.} 58. Kf2 Nd3+ 59. Kg2 Kg6) 58. Bf7+ $16 Kh6 {[#]} 59. Be8 $1 Nc5 {[#]} 60. Kf2 (60. h5 $1 $16) 60... Ne4+ $11 61. Kg2 Nc5 62. Kf3 Nd3 63. e4 (63. Bb5 $16 Nc5 64. Kg2) 63... fxe4+ {The position is equal.} 64. Kxe4 Nc5+ 65. Kf5 gxh4 66. gxh4 Nxa4 67. Bxa4 {Precision: White = 61%, Black = 52%.} 1/2-1/2